| 000 | 00517nam a2200181Ia 4500 | ||
|---|---|---|---|
| 008 | 121003t2007 xxu||||| |||| 00| 0 sin d | ||
| 041 | _asin | ||
| 080 |
_a8 - 3 (Youth) _bDIC |
||
| 100 | _aDickens,Charles | ||
| 245 | _aජීවිතය ජයගත් දරුවෙක් | ||
| 246 | _aJeewithaya Jayagath Daruwek | ||
| 260 |
_aM. D. Gunasena _aColombo _c2007 |
||
| 300 | _b143p, ill, 18 cm | ||
| 700 |
_aMahingoda,Premasiri _etr. |
||
| 942 | _cBK | ||
| 999 |
_c41544 _d41544 |
||
| 003 | LK-CoDNM | ||
| 040 |
_aLK-CoDNM _dLK-CoDNM _eLK-CoDNM |
||